000 00530cam a2200217ua 4500
020 _c65.00
041 _aeng
_h
082 _a526.982
_bRAM/TE
100 _aRampal, K.K .
245 _aText book of photogrammetry /
_cK K Rampal.
_hTextual Documents
250 _a1 /
_b.
260 _aNew Delhi :
_bOxford & IBH Publishing company ,
_c1982.
300 _a ; .
365 _a65.00
500 _a**Reference
504 _a
942 _cBK
999 _c2032
_d2032